Tratado de derecho penal. parte general / Tomo II :

Guardado en:
Autor Principal: Zaffaroni, Eugenio Raúl
Formato: Libro
Idioma:Spanish
Publicado: Buenos Aires : Ediar, 1997
Materias:
Etiquetas: Agregar Etiqueta
Sin Etiquetas, Sea el primero en etiquetar este registro!
LEADER 00593nam a22001575a 4500
001 DER.der015552
008 251120s1997####ag#####|###|#|######spa||
005 20251120144627.0
245 1 0 |a Tratado de derecho penal.  |n Tomo II :  |b parte general /  |c Eugenio Raúl Zaffaroni. 
260 |a Buenos Aires :  |b Ediar,  |c 1997 
300 |a 465 p. 
500 |a Título II: fundamentación filosófico-política del horizonte de proyección de la ciencia del derecho penal. 
020 |a 9505740581 
100 1 |a Zaffaroni, Eugenio Raúl 
650 7 |a DERECHO PENAL 
859 |a DERECHO  |b BIB. DERECHO  |h 345  |i ZAF  |p 008764  |v II  |3 Tomo II